000 00345cam a2200145ua 4500
041 _aeng
_h
082 _a824
_bSAM/LT
100 _aSamuel, M.S .
245 _aLiving english /
_cSamuel.
_hTextual Documents
260 _a :
_bMacMillan and Company Limited ,
_c1967.
300 _a160 ; .
504 _a
942 _cBK
999 _c11794
_d11794